000 00498nam a22001817a 4500
005 20260226122002.0
008 260226b |||||||| |||| 00| 0 eng d
020 _a81-7177-154-5
100 _aSAHARAY, H.K.
245 _aK. P. CHAKRAVARTI WORDS AND PHRASES UNDER THE CONSTITUTION
250 _a2ND ED
260 _aNEW DELHI
_bEASTERN LAW HOUSE
_c2003
300 _a708P.
500 _aINCLUDES INDEX
650 _aCONSTITUTIONAL LAW - INDIA
700 _aSAHARAY, M.S.
942 _2lcc
_cBK
999 _c216704
_d216704